Library Banner

All India reporter [AIR, 1998, Vol.85] / (Record no. 108748)

MARC details
000 -LEADER
fixed length control field 00345nam a22001337a 4500
005 - DATE AND TIME OF LATEST TRANSACTION
control field 20220127115525.0
008 - FIXED-LENGTH DATA ELEMENTS--GENERAL INFORMATION
fixed length control field 181107b ||||| |||| 00| 0 eng d
040 ## - CATALOGING SOURCE
Transcribing agency PK-LaUMT
082 ## - DEWEY DECIMAL CLASSIFICATION NUMBER
Classification number 348.54026
Item number ALL-
245 ## - TITLE STATEMENT
Title All India reporter [AIR, 1998, Vol.85] /
260 ## - PUBLICATION, DISTRIBUTION, ETC. (IMPRINT)
Place of publication, distribution, etc Nagpur :
Name of publisher, distributor, etc S. W. Chitaley,
Date of publication, distribution, etc 1998
300 ## - PHYSICAL DESCRIPTION
Extent 9 vols.
942 ## - ADDED ENTRY ELEMENTS (KOHA)
Koha item type Law and Policy Journals
Holdings
Withdrawn status Lost status Damaged status Home library Current library Date acquired Full call number Barcode Date last seen Copy number Price effective from Koha item type
      UMT Main Campus UMT Main Campus 2018-11-07 348.54026 ALL- 126247 2018-11-07 Vol.1 2018-11-07 Books
      UMT Main Campus UMT Main Campus 2018-11-07 348.54026 ALL- 126248 2018-11-07 Vol.2 2018-11-07 Books
      UMT Main Campus UMT Main Campus 2018-11-07 348.54026 ALL- 126253 2018-11-07 Vol.3 2018-11-07 Books
      UMT Main Campus UMT Main Campus 2018-11-07 348.54026 ALL- 126255 2018-11-07 Vol.4 2018-11-07 Books
      UMT Main Campus UMT Main Campus 2018-11-07 348.54026 ALL- 126254 2018-11-07 Vol.5 2018-11-07 Books
      UMT Main Campus UMT Main Campus 2018-11-07 348.54026 ALL- 126252 2018-11-07 Vol.6 2018-11-07 Books
      UMT Main Campus UMT Main Campus 2018-11-07 348.54026 ALL- 126251 2018-11-07 Vol.7 2018-11-07 Books
      UMT Main Campus UMT Main Campus 2018-11-07 348.54026 ALL- 126250 2018-11-07 Vol.8 2018-11-07 Books
      UMT Main Campus UMT Main Campus 2018-11-07 348.54026 ALL- 126249 2018-11-07 Vol.9 2018-11-07 Books